Obtención de soda cáustica a partir de carbonato de sodio y cal

שמור ב:
מידע ביבליוגרפי
מחבר ראשי: Breedy Shadid, Maggie
פורמט: לא ידוע
יצא לאור: [San José, Costa Rica] 1980
נושאים:
תגים: הוספת תג
אין תגיות, היה/י הראשונ/ה לתייג את הרשומה!

MARC

LEADER 00000 a2200000 4500
003 001138
005 20221231143735.0
008 140114s1980 cr a m 000 ||s d
040 |c cru CEDI 
090 |a TFG 901 
100 |a Breedy Shadid, Maggie  |9 16079 
245 |a Obtención de soda cáustica a partir de carbonato de sodio y cal 
260 |c 1980  |a  [San José, Costa Rica] 
300 |a  101 hojas : ilustraciones ; 27 cm  
500 |a  Tesis (licenciatura en ingeniería química)--Universidad de Costa Rica.  
650 |x SODA CAUSTICA  |9 16080 
942 |c TFG 
999 |c 11089  |d 11089